00553nam a2200133 a 4500008004100000050002200041100001700063245015200080260004700232300000900279350000900288650005200297710007000349081126s1987 ||||||||||||||||| || u aGOV.ZAM(02)1987/1 aKaunda, K. D10aPress conference held at state house by his excellency Dr. K. D. Kaunda on 4th October, 1987cDr. K. D. Kaunda, President of the Republic of Zambia aLusaka:bZambia Information Servicesc1987 a36p. a0.00 aPRESIDENTS--ZAMBIA--ADDRESSES, ESSAYS, LECTURES aGovernment of the Republic of Zambia. Zambia Information Services